El Estado: ¿marxismo o eurocomunismo?

Enregistré dans:
Détails bibliographiques
Auteur principal: Lanz, Rigoberto
Format: Texte
Publié: Quito :
Tags: Ajouter un tag
Pas de tags, Soyez le premier à ajouter un tag!

MARC

LEADER 00000 a a2200000 04500
001 16162
003
040
090 |a SO.0001 C749c  
100 |a Lanz, Rigoberto  
245 |a El Estado: ¿marxismo o eurocomunismo?  
260 |a Quito :  
300 |a 60 p.  
999 |c 1729  |d 1729